Länder mit Amtssprache Französisch - Statistiken

Allgemein
  • Dieses Quiz wurde 331 mal gespielt
  • Das Durchschnittsergebnis liegt bei 21 aus 29
Antwortstatistiken
Länder % Korrekt
Frankreich
97%
Belgien
90%
Senegal
84%
Guinea
83%
Kongo, Demokratische Republik
82%
Kongo, Republik
82%
Mali
82%
Niger
82%
Schweiz
82%
Luxemburg
81%
Elfenbeinküste
79%
Benin
76%
Togo
76%
Kamerun
75%
Monaco
75%
Tschad
74%
Gabun
73%
Zentralafrikanische Republik
73%
Kanada
71%
Burkina Faso
69%
Komoren
66%
Burundi
65%
Haiti
64%
Seychellen
64%
Madagaskar
63%
Ruanda
63%
Äquatorialguinea
61%
Dschibuti
53%
Vanuatu
40%
Keine übereinstimmenden Quizze gefunden
Verteilung der Resultate
Anzahl Personen mit jedem Resultat
Perzentil nach korrekt beantworteten Fragen
Ihre Resultats-Entwicklung
Sie haben dieses Quiz noch nicht gespielt